La interpretacin̤ de los derechos fundamentales

Detalles Bibliográficos
Autor principal: Carpio Marcos, Edgar
Formato: eBook
Lenguaje:español
Publicado: Lima: Palestra Editores, 2004
Materias:
Acceso en línea:Acceso restringido

MARC

LEADER 00000nam a22000007a 4500
005 2019082305155.0
007 cr|||| ||||
008 190823s2004 pe |||||s|||| 00||0 spa d
020 |a 9972-733-53-X 
035 |a 24175 
040 |a vLex 
090 |c 9271  |d 9271 
100 1 |a Carpio Marcos, Edgar 
245 1 2 |a La interpretacin̤ de los derechos fundamentales  |h [Recurso electrn̤ico] /  |c Edgar Carpio Marcos 
256 |a Servicio en ln̕ea 
260 |a Lima:  |b Palestra Editores,  |c 2004 
300 |a 1 recurso electrn̤ico 
506 1 |a Disponible solo en los productos indicados  |d vLex Global  |d vLex Global (Academic Edition, excluding Law Schools)  |d vLex Global (U.S. Academic Edition, Law Schools)  |d vLex Global (U.S. Academic Edition, excluding Law Schools)  |d vLex Global (Academic Edition, Law Schools) 
650 0 4 |a Derecho Constitucional  |z Per︢ 
650 0 4 |a Derecho Internacional  |z Per︢ 
740 0 |a vLex Libros (Servicio en ln̕ea) 
856 4 0 |u http://vlex.com/source/interpretacion-derechos-fundamentales-24175  |z Acceso restringido 
942 |c BOOK 
999 0 |a Constitutional Law 
999 0 |a International Law